00955nam a22001457a 4500008004100000020001800041082001500059100004600074245008300120260007200203300002700275505039500302650006600697700004600763160120b xxu||||| |||| 00| 0 eng d a9789871271641 a730bB954e aPerez Rubio, Agustin; Lopez, Miguel Angel aTeresa BurgabEstructuras de aire cAgustin Perez Rubio, Miguel Ángel Lopez  aBuenos Aires, Argentina bFundación Eduardo F. Constantinic2015 a244 pbill; colc29 cm tTeresa Burga: del olvido y el azar rAgustín Perez RubiotA contratiempo. Las cronodisidenicas de Teresa BurgarMiguel A. López tPalabras generativas y cuerpos subyugados en las "propuestas" de Teresa Burga 1969-1971rDorota Biczel tLo más cerca posible del azar. Una conversación con Teresa Burga.rMiguel A. LópeztobrastDocumentostBibliografia, Exposiciones, Colecciones  aTeresa, BurgavArte, Instalación,ExhibiciónzArte Peruano aPerez Rubio, Agustin; Lopez, Miguel Angel